000 00645nam a22001937a 4500
005 20251108172836.0
008 250721s1999 xx 000 0 ara d
082 1 4 _a631.70956/زرق
100 1 _aزرقه، محمد علي
245 1 0 _aالافلاج (القنوات) /
246 1 3 _aانظمة الري و مياهها الخفية - أعقد و أقدم الأنظمة العربية في تاريخ الحضارة
264 1 _aدمشق :
_bدارالكلمة،
_c1999.
300 _a226ص
650 1 7 _aالري
650 1 7 _aانظمة الري
650 1 7 _aالبلدان العربية
942 _2ddc
_cBK
999 _c89841
_d89841